| 000 | 00729nam a22002177a 4500 | ||
|---|---|---|---|
| 999 |
_c19149 _d19149 |
||
| 003 | AR-CdUCM | ||
| 008 | 190516b ||||| |||| 00| 0 spa d | ||
| 040 |
_aMUNICIPALIDAD PROVINCIAL DEL CUSCO _cBIBLIOTECA MUNICIPAL DEL CUSCO |
||
| 041 | _heng | ||
| 082 |
_a973.07 / _bW36 |
||
| 100 |
_aWerb, Willard _940324 |
||
| 245 | _aMomentos cruciales de la guerra de secesión / | ||
| 260 |
_aBuenos Aires : _bPlaza & Janes, _c1967. |
||
| 300 |
_a493 páginas ; _c18 cm. |
||
| 505 | _aContenido: La batalla de Bull Run -- El pantano de White Oak y Malvern Hill ... | ||
| 650 |
_aHistoria _9136 |
||
| 650 |
_aGuerra civil _91772 |
||
| 700 |
_aSánchez, Atanasio (traductor) _91172 |
||
| 942 |
_2ddc _cLIBROS |
||
| 945 |
_aacv _d2019-05-16 |
||